ბათუმის შოთა რუსთაველის სახელმწიფო უნივერსიტეტის ბიბლიოთეკა

სისხლის სამართალი = Strafrecht (ბიბ.ჩანაწერი № 49417)

000 -LEADER
fixed length control field 01167nam a2200265Ia 4500
001 - CONTROL NUMBER
control field 16337
003 - CONTROL NUMBER IDENTIFIER
control field GE_BSU
008 - FIXED-LENGTH DATA ELEMENTS--GENERAL INFORMATION
fixed length control field 181216s||||||||xx |||||||||||||| ||und||
020 ## - INTERNATIONAL STANDARD BOOK NUMBER
International Standard Book Number 9789941107290
040 ## - CATALOGING SOURCE
Transcribing agency GE_BSU
080 ## - UNIVERSAL DECIMAL CLASSIFICATION NUMBER
Universal Decimal Classification number 343.23
100 ## - MAIN ENTRY--PERSONAL NAME
Personal name ტურავა, მერაბ
245 ## - TITLE STATEMENT
Title სისხლის სამართალი = Strafrecht
245 ## - TITLE STATEMENT
Remainder of title ზოგადი ნაწილის მიმოხილვა : თანდართული ტესტების ნიმუშებითა და კაზუსის ამოხსნის მეთოდის გამოყენებით
245 ## - TITLE STATEMENT
Statement of responsibility, etc. რედ. ზაზა ნანობაშვილი
260 ## - PUBLICATION, DISTRIBUTION, ETC.
Place of publication, distribution, etc. თბილისი
260 ## - PUBLICATION, DISTRIBUTION, ETC.
Name of publisher, distributor, etc. მერიდიანი
260 ## - PUBLICATION, DISTRIBUTION, ETC.
Date of publication, distribution, etc. 2013
300 ## - PHYSICAL DESCRIPTION
Extent 546გვ;24სმ.
300 ## - PHYSICAL DESCRIPTION
Other physical details პარალ. თავფურ. გერმ.. - უცხო სიტყვათა საძ.: გვ. 422-424.
653 ## - INDEX TERM--UNCONTROLLED
Uncontrolled term სამართალი
653 ## - INDEX TERM--UNCONTROLLED
Uncontrolled term სისხლის სამართალი; დანაშაული
942 ## - ADDED ENTRY ELEMENTS (KOHA)
Koha item type წიგნი
ეგზემპლარები
Withdrawn status Lost status Damaged status Not for loan Date acquired Barcode Date last seen Price effective from Koha item type
        2018-12-17 40606 2018-12-17 2018-12-17 წიგნი
        2018-12-17 40607 2018-12-17 2018-12-17 წიგნი
        2018-12-17 40608 2018-12-17 2018-12-17 წიგნი